书目信息 |
| 题名: |
特殊儿童游戏治疗
|
|
| 作者: | 毛颖梅 编著 | |
| 分册: | ||
| 出版信息: | 北京 学苑出版社 2010.07 |
|
| 页数: | 294页 | |
| 开本: | 23cm | |
| 丛书名: | ||
| 单 册: | ||
| 中图分类: | B844.1 , R749.055 , G76 | |
| 科图分类: | ||
| 主题词: | 特殊教育--te shu jiao yu--儿童教育--游戏--精神疗法 | |
| 电子资源: | ||
| ISBN: | 978-7-5077-3578-9 | |
| 000 | 01014nam0 2200265 450 | |
| 001 | 0109110131 | |
| 005 | 20201109110336.0 | |
| 010 | @a978-7-5077-3578-9@dCNY38.00 | |
| 100 | @a20100928e20192010em y0chiy50 ea | |
| 101 | 0 | @achi |
| 102 | @aCN@b110000 | |
| 105 | @ay z 000yy | |
| 106 | @ar | |
| 200 | 1 | @a特殊儿童游戏治疗@Ate shu er tong you xi zhi liao@f毛颖梅编著 |
| 210 | @a北京@c学苑出版社@d2010.07@h2020.12 | |
| 215 | @a294页@c图@d23cm | |
| 300 | @a北京市教委课题“游戏治疗在孤独症幼儿康复训练中的应用研究”成果(项目号SM200911417006),北京市教委人才强教项目资助 | |
| 330 | @a本书分七章,内容包括:儿童发展与游戏、游戏治疗与特殊儿童、游戏治疗的实施、游戏治疗技巧、基于游戏的综合干预理论及技术、国内特殊儿童的游戏治疗案例、国外特殊儿童游戏治疗案例。 | |
| 606 | 0 | @a特殊教育@Ate shu jiao yu@x儿童教育@x游戏@x精神疗法 |
| 690 | @aB844.1@v5 | |
| 690 | @aR749.055@v5 | |
| 690 | @aG76@v5 | |
| 701 | 0 | @a毛颖梅@Amao ying mei@4编著 |
| 801 | 0 | @aCN@bBJSZM@c20201103 |
| 905 | @b1267760-1@dB844.1@e3687@f2 | |
| 特殊儿童游戏治疗/毛颖梅编著.-北京:学苑出版社,2010.07(2020.12) |
| 294页:图;23cm |
| 北京市教委课题“游戏治疗在孤独症幼儿康复训练中的应用研究”成果(项目号SM200911417006),北京市教委人才强教项目资助 |
| ISBN 978-7-5077-3578-9:CNY38.00 |
| 本书分七章,内容包括:儿童发展与游戏、游戏治疗与特殊儿童、游戏治疗的实施、游戏治疗技巧、基于游戏的综合干预理论及技术、国内特殊儿童的游戏治疗案例、国外特殊儿童游戏治疗案例。 |
| ● |
| 相关链接 |
|
|
|
|
正题名:特殊儿童游戏治疗
索取号:B844.1/3687
 
预约/预借
| 序号 | 登录号 | 条形码 | 馆藏地/架位号 | 状态 | 备注 |
| 1 | 1267760 | 212677600 | 第一样本阅览室/ [索取号:B844.1/3687] | 在馆 | |
| 2 | 1267761 | 212677619 | 第一借阅区/ [索取号:B844.1/3687] | 在馆 |